000
00352nam a22001217a 4500
999
_c
13500
_d
13500
082
_a
891.551
100
_a
سردار احمد خان
245
_a
بہادر شاہ ظفر
_b
شخصیت، فکر، اور فن
260
_a
کراچی
_b
علمی ورثہ
_c
٢٠٠١
300
_a
صفحات ٣١٥
650
_a
History, Muslim, India
942
_c
BK